Problemas jurídicos y políticos del terrorismo (Record no. 85575)

MARC details
000 -LEADER
fixed length control field 00692cam a2200205 4500
005 - DATE AND TIME OF LATEST TRANSACTION
control field 20211022095508.0
008 - FIXED-LENGTH DATA ELEMENTS--GENERAL INFORMATION
fixed length control field 190806b mx ||||| |||| 00| 0 spa d
020 ## - INTERNATIONAL STANDARD BOOK NUMBER
International Standard Book Number 9703206360
050 04 - LIBRARY OF CONGRESS CALL NUMBER
Classification number K5256
Item number P76 2003
245 00 - TITLE STATEMENT
Title Problemas jurídicos y políticos del terrorismo
Statement of responsibility, etc / José Juan de Olloqui, coordinador
250 ## - EDITION STATEMENT
Edition statement 1a ed.
260 ## - PUBLICATION, DISTRIBUTION, ETC. (IMPRINT)
Place of publication, distribution, etc México :
Name of publisher, distributor, etc Universidad Autónoma de México. Instituto de Investigaciones Jurídicas,
Date of publication, distribution, etc c2003
300 ## - PHYSICAL DESCRIPTION
Extent viii, 350 p. :
Dimensions 21 cm.
490 0# - SERIES STATEMENT
Series statement Estudios jurídicos ;
Volume number/sequential designation 43
504 ## - BIBLIOGRAPHY, ETC. NOTE
Bibliography, etc Incluye bibliografías
506 ## - RESTRICTIONS ON ACCESS NOTE
Terms governing access Pifi 2003
650 #7 - SUBJECT ADDED ENTRY--TOPICAL TERM
Source of heading or term lemb
Topical term or geographic name as entry element Terrorismo
700 1# - ADDED ENTRY--PERSONAL NAME
Personal name Olloqui, José Juan de,
Relator term coordinador
942 ## - ADDED ENTRY ELEMENTS (KOHA)
Source of classification or shelving scheme Biblioteca del Cogreso de los Estados Unidos
Koha item type Libro
Holdings
Estado de pérdida Fuente de clasificación Estado del daño No para préstamo Ubicación permanente Ubicación actual Apartado o colección Fecha de adquisición Edición Dependencia de educación superior (DES) Área del conocimiento Clasificación Código de Barras Date last seen Número de copia Costo por reposición Tipo de recurso Fuente de adquisición Total Checkouts
  Biblioteca del Cogreso de los Estados Unidos     Biblioteca de la Facultad de Derecho y Ciencias Sociales "Felipe J. Tena" Biblioteca de la Facultad de Derecho y Ciencias Sociales "Felipe J. Tena" General 06/08/2019 1a ed. Derecho Ciencias Sociales y Administrativas K5256 P76 2003 BFD000011524 06/08/2019 1 1.00 Libro    
  Biblioteca del Cogreso de los Estados Unidos     Biblioteca de la Facultad de Derecho y Ciencias Sociales "Felipe J. Tena" Biblioteca de la Facultad de Derecho y Ciencias Sociales "Felipe J. Tena" General 06/08/2019 1a ed. Derecho Ciencias Sociales y Administrativas K5256 P76 2003 BFD000011525 06/08/2019 2 1.00 Libro    
  Biblioteca del Cogreso de los Estados Unidos     Biblioteca de la Facultad de Filosofía Biblioteca de la Facultad de Filosofía General 25/01/2023 1a ed. Humanidades Educación y Humanidades K5256 P76 2003 BFF000038487 25/01/2023 C:1 1.00 Libro Unidad Académica